[Event "Aktiv Alliancen op"]
[Site "Taastrup"]
[Date "1999.02.10"]
[Round "5"]
[White "Nielsen, Boerge Hjerrild"]
[Black "Bogdanov, Dimitri"]
[Result "0-1"]
[WhiteElo "2145"]
[BlackElo "2215"]

1.d4 Nf6 2.c4 g6 3.Nf3 Bg7 4.g3 O-O 5.Bg2 d6 6.O-O Nbd7 7.Qc2 e5 8.Rd1 Re8
9.e4 exd4 10.Nxd4 Nc5 11.Nc3 a5 12.Be3 Ng4 13.Bf4 Ne5 14.b3 c6 15.Rab1 Qe7
16.h3 Ne6 17.Be3 Nxd4 18.Bxd4 Bxh3 19.Bxe5 Qxe5 20.Bxh3 Qxc3 21.Qxc3 Bxc3
22.Bg2 Bb4 23.Rb2 Re7 24.Kf1 Rae8 25.Bf3 h5 26.Re2 Kg7 27.Bg2 f5 28.f3 fxe4
29.Rxe4 Rxe4 30.fxe4 Bc5 31.Ke2 Re5 32.Kf3 Kf6 33.Rf1 Ke7 34.Ke2 Rg5 35.Kf3 Bd4
36.Bh3 Be5 37.Rg1 h4 38.g4 Bg3 39.Rd1 Re5 40.Bg2 Rc5 41.Ke3 a4 42.Ra1 Be5
43.Rh1 axb3 44.axb3 Bf6 45.Bf3 Ra5 46.Bd1 Ra2 47.Kf4 Rg2 48.Bf3 Rg3 49.Ke3 g5
50.Rd1 Be5 51.Kf2 Ke6 52.Rd3 c5 53.Rd1 Bd4+ 54.Ke2 Ke5  0-1

[Event "RUS-Cup03 (Geller mem)"]
[Site "Moscow"]
[Date "1999.02.12"]
[Round "3"]
[White "Burmakin, Vladimir"]
[Black "Zaitsev, Vadim"]
[Result "0-1"]
[WhiteElo "2534"]
[BlackElo "2412"]

1.d4 Nf6 2.c4 g6 3.g3 Bg7 4.Bg2 O-O 5.Nf3 d6 6.O-O c6 7.Nc3 Qb6 8.b3 e5 9.Ba3 e4
10.Ne1 Qa5 11.Qc1 c5 12.Nxe4 Nxe4 13.Bxe4 Re8 14.Bf3 Nc6 15.Nc2 Bf5 16.Bb2 cxd4
17.Bxc6 bxc6 18.Nxd4 Bh3 19.Re1 Qh5 20.Qd2 Re4 21.Nxc6 Bxb2 22.Qxb2 Qc5 23.Nxa7 Qxa7
24.Qd2 Qc7 25.f3 Qb6+ 26.e3 Re5 27.Kf2 Be6 28.Qd4 Qc6 29.Re2 Bc8 30.Rae1 Bb7
31.e4 Re6 32.g4 Qc7 33.Kg1 Qe7  0-1

[Event "Budapest FS02 GM"]
[Site "Budapest"]
[Date "1999.02.16"]
[Round "11"]
[White "Csom, Istvan"]
[Black "Vajda, Levente"]
[Result "1/2-1/2"]
[WhiteElo "2455"]
[BlackElo "2484"]

1.Nf3 Nf6 2.c4 g6 3.d4 Bg7 4.g3 O-O 5.Bg2 d6 6.Nc3 Nbd7 7.O-O e5 8.e4 exd4
9.Nxd4 Re8 10.f3 a6 11.Rf2 Ne5 12.Bf1 c5 13.Nc2 Be6 14.Ne3 Nc6 15.Nc2 Ne5
16.Ne3 Nc6  1/2-1/2

[Event "AUT-chT2M 9899"]
[Site "Austria"]
[Date "1999.02.27"]
[Round "8"]
[White "Neckar, Lubomir"]
[Black "Ankerst, Mihael"]
[Result "1/2-1/2"]
[WhiteElo "2345"]
[BlackElo "2330"]

1.Nf3 Nf6 2.c4 g6 3.g3 Bg7 4.Bg2 d6 5.d4 O-O 6.Nc3 Nbd7 7.O-O a6 8.h3 c5
9.e4 cxd4 10.Nxd4 Qa5 11.Be3 Ne5 12.Qe2 Bd7 13.c5 Rac8 14.f4 Nc6 15.Nb3 Qb4
16.Rfd1 Be6 17.cxd6 exd6 18.Nd4 Nxd4 19.Rxd4 Bc4 20.Qf2 Rfe8 21.Rad1 Bf8
22.Kh2 Qa5 23.Bf3 b5 24.a3 Bb3 25.R1d2 Qc7 26.Bg2 Qb8 27.f5 Nd7 28.Bf4 Ne5
29.Bxe5 dxe5 30.Rd7 Bc5 31.Qf3 Bd4 32.Ne2 Bc4 33.Nxd4 exd4 34.b3 Rcd8 35.Rxd8 Rxd8
36.bxc4 bxc4 37.Qf4 Qxf4 38.gxf4 c3 39.Rc2 d3 40.Rxc3 d2 41.Bf3 gxf5 42.exf5 d1=Q
43.Bxd1 Rxd1 44.Kg3 Kg7 45.Kg4 Rd5 46.h4 Ra5 47.Kg5 h6+ 48.Kg4 Kf6 49.Rc6+ Kg7
50.f6+ Kg6 51.h5+ Rxh5 52.Rxa6 Rc5 53.a4 Rc4 54.a5 Ra4 55.Ra8 h5+ 56.Kg3 Kxf6
57.a6 Kf5 58.Rb8 Ra3+ 59.Kh4 Kxf4 60.Rb7 Rxa6  1/2-1/2

[Event "United Insurance 4th"]
[Site "Dhaka"]
[Date "1999.02.28"]
[Round "10"]
[White "Szekely, Peter"]
[Black "Murshed, Niaz"]
[Result "1/2-1/2"]
[WhiteElo "2444"]
[BlackElo "2470"]

1.Nf3 Nf6 2.c4 d6 3.g3 g6 4.Bg2 Bg7 5.d4 O-O 6.Nc3 Nc6 7.O-O a6 8.h3 Rb8
9.e4 Nd7 10.Be3 Na5 11.b3 b5 12.cxb5 axb5 13.Rc1 b4 14.Nd5 Bb7 15.Qc2 Nc6  1/2-1/2

[Event "BL9899 (Women)"]
[Site "Germany"]
[Date "1999.02.28"]
[Round "9.3"]
[White "Litinskaya, Marta I"]
[Black "Micic, Jordanka"]
[Result "1-0"]
[WhiteElo "2390"]
[BlackElo "2342"]

1.d4 Nf6 2.c4 g6 3.Nf3 Bg7 4.g3 O-O 5.Bg2 d6 6.O-O c6 7.Nc3 Qa5 8.e4 e5 9.h3 Nbd7
10.Be3 Re8 11.Qc2 exd4 12.Nxd4 Ne5 13.b3 a6 14.Rad1 Rb8 15.Rfe1 c5 16.Nde2 Qc7
17.f4 Nc6 18.Qd2 Bf8 19.g4 b5 20.cxb5 axb5 21.g5 Nd7 22.Ng3 b4 23.Nd5 Qa5
24.Nf6+ Nxf6 25.gxf6 Nd4 26.f5 Re5 27.Bf4 Ra8 28.Ra1 Qd8 29.Nf1 Bb7 30.Bxe5 dxe5
31.fxg6 hxg6 32.Qg5 Qd6 33.Ne3 Ne6 34.Qh4 Nf4 35.Rad1 Qe6 36.Rd2 Ra6 37.Nc4 Qxf6
38.Qxf6 Rxf6 39.Bf1 Re6 40.Rd8 Kg7 41.Rd7 Bc6 42.Rc7 Kf6 43.Na5 Be8 44.Nb7 Rc6
45.Rxc6+ Bxc6 46.Na5 Bd7 47.h4 Bg4 48.Kf2 Ne6 49.Kg3 Bh5 50.Bc4 Ke7 51.Nb7 Nd4
52.Nxc5 Bh6 53.Nd3 Bd2 54.Rf1 f6 55.Nf2 f5 56.Bd3 Ke6 57.Nh3 Ne2+ 58.Kg2 Nf4+
59.Nxf4+ Bxf4 60.a3 bxa3 61.Ra1 Be3 62.Rxa3 f4 63.Ra6+ Kd7 64.b4 Kc7 65.b5 Bb6
66.Ra8 Bd4 67.Rf8 Kb6 68.Rf6+ Kc7 69.Bc4 Be3 70.Rc6+ Kb8 71.Re6 f3+ 72.Kg3 Bd4
73.b6 f2 74.Kg2 Kc8 75.Ba6+ Kd7 76.Rf6 Bd1 77.b7 Ba7 78.Rxf2 Kc7 79.Rf7+ Kb6
80.Rf6+  1-0

[Event "Victor Ciocaltea Memorial"]
[Site "Bucharest"]
[Date "1999.03.07"]
[Round "4"]
[White "Marin, Mihail"]
[Black "Florean, Andrei"]
[Result "1-0"]
[WhiteElo "2527"]
[BlackElo "2459"]

1.Nf3 d6 2.d4 Nf6 3.c4 g6 4.g3 Bg7 5.Bg2 O-O 6.O-O Nc6 7.Nc3 e5 8.d5 Ne7
9.e4 Nd7 10.Ne1 f5 11.Nd3 Kh8 12.f4 a6 13.fxe5 Nxe5 14.Nxe5 Bxe5 15.Bh6 Rf7
16.Qd2 Ng8 17.Bg5 Qf8 18.Ne2 Qg7 19.Nf4 Bxb2 20.Rad1 b5 21.Ne6 Qc3 22.Qe2 h6
23.exf5 Rxf5 24.Rxf5 gxf5 25.Qh5 Kh7 26.Qf7+ Kh8 27.Qh5 Kh7 28.Rf1 Qd3 29.g4 bxc4
30.gxf5 Bd7 31.Bxh6 Be8 32.Nf8+ Kh8 33.Ng6+ Bxg6 34.fxg6 Nf6 35.Rxf6 Qd1+
36.Qxd1  1-0

[Event "BL2-N9899"]
[Site "Germany"]
[Date "1999.03.07"]
[Round "7.4"]
[White "Jasnikowski, Zbigniew"]
[Black "Schubert, Thomas"]
[Result "1-0"]
[WhiteElo "2400"]
[BlackElo "2305"]

1.d4 Nf6 2.c4 g6 3.Nf3 Bg7 4.g3 O-O 5.Bg2 d6 6.Nc3 c5 7.O-O Nc6 8.d5 Na5
9.Nd2 e5 10.e4 Ng4 11.b3 f5 12.exf5 gxf5 13.h3 e4 14.hxg4 Bxc3 15.Rb1 e3
16.fxe3 Qg5 17.Rf4 Bd7 18.gxf5 Bxf5 19.Ne4 Bxe4 20.Rg4 Qxg4 21.Qxg4+ Bg6
22.Bb2 Bxb2 23.Rxb2 Rae8 24.Rf2 Rxf2 25.Kxf2 Re7 26.Qc8+ Kg7 27.Qd8 Rf7+
28.Ke1 b6 29.Qxd6  1-0

[Event "BL2-W9899"]
[Site "Germany"]
[Date "1999.03.07"]
[Round "7.5"]
[White "Schulz, Klaus Juergen"]
[Black "Wessendorf, Thomas"]
[Result "1-0"]
[WhiteElo "2400"]
[BlackElo "2300"]

1.d4 g6 2.Nf3 Bg7 3.g3 Nf6 4.Bg2 O-O 5.c4 d6 6.O-O Nbd7 7.Nc3 e5 8.Qc2 Re8
9.Rd1 Qe7 10.b3 Nf8 11.dxe5 dxe5 12.a4 e4 13.Nd4 c6 14.a5 Ne6 15.Nxe6 Qxe6
16.Ra4 Qe5 17.Bf4 Qh5 18.Nxe4 Nxe4 19.Bxe4 Bf5 20.Bxf5 Rxe2 21.g4 Rxc2 22.gxh5 gxf5
23.h6 Bc3 24.Rd3 f6 25.Rd7 Re8 26.c5 Ree2 27.Rg7+ Kf8 28.Bd6+ Ke8 29.Rf4 Be1
30.Rg2 Bd2 31.Rg8+ Kf7 32.Rg7+ Ke8 33.Rxf5 Bxh6 34.Rxh7 Bg5 35.h4 Be3  1-0

[Event "Budapest FS03 IM"]
[Site "Budapest"]
[Date "1999.03.09"]
[Round "4"]
[White "Turzo, Attila"]
[Black "Gara, Anita"]
[Result "1/2-1/2"]
[WhiteElo "2314"]
[BlackElo "2287"]

1.d4 Nf6 2.c4 g6 3.Nf3 Bg7 4.g3 O-O 5.Bg2 d6 6.d5 c6 7.O-O cxd5 8.cxd5 Bf5
9.Nfd2 Qc8 10.Nc3 Bh3 11.Nf3 Bxg2 12.Kxg2 Na6 13.Bg5 Qd7 14.Rc1 Rfc8 15.e4 Nc5
16.Re1 Ng4 17.Bf4 b5 18.Nd4 b4 19.Nb1 Be5 20.Bxe5 Nxe5 21.Rc2 Ncd3 22.Re3 Rxc2
23.Qxc2 Qg4 24.f3 Nf4+ 25.Kf2 Nh3+ 26.Kf1 Qd7 27.Nc6 Ng5 28.Nxe5 dxe5 29.Nd2 Rc8
30.Qd1 f5 31.Re2 fxe4 32.fxe4 Rf8+ 33.Kg2 Qh3+ 34.Kg1 Qg4 35.Qe1 h5 36.Kh1 Kg7
37.Rg2 a5 38.Qe2 Qh3 39.Rf2 Rc8 40.Nc4 Nf7 41.b3 Nd6 42.Qb2 h4 43.Qxe5+ Kh6
44.Kg1 a4 45.Qxe7 hxg3 46.hxg3 Qxg3+ 47.Rg2 Qe1+ 48.Kh2 Qxe4 49.Qxd6  1/2-1/2

[Event "AUT2W-chT 9899"]
[Site "AUT"]
[Date "1999.03.12"]
[Round "7.2"]
[White "Amann, Guenter"]
[Black "Reich, Thomas"]
[Result "1/2-1/2"]
[WhiteElo "2247"]
[BlackElo "2389"]

1.d4 g6 2.Nf3 Bg7 3.g3 Nf6 4.c4 O-O 5.Bg2 d6 6.O-O Nc6 7.Nc3 Bf5 8.Ne1 Qd7
9.e4 Bg4 10.f3 Bh3 11.f4 Bxg2 12.Kxg2 e6 13.Nf3 Rfd8 14.Qe2 Ne8 15.Be3 Ne7
16.Rad1 c6 17.h4 Nf6 18.Ne5 Qe8 19.Ng4 Nxg4 20.Qxg4 f5 21.Qf3 d5 22.cxd5 cxd5
23.e5 Rac8 24.Rc1 a6 25.Rf2 b5 26.b3 Nc6 27.Qd1 Bf8 28.a4 Nb4 29.axb5 axb5
30.Qe2 Rb8 31.Na2 Rdc8 32.Nxb4 Bxb4 33.Rff1 Bc3 34.h5 b4 35.Rh1 Ra8 36.hxg6 Qxg6
37.Rh5 Kh8 38.Rg5 Qf7 39.Rh1 Rg8 40.Rgh5 Rg7 41.Rh6 Ra7 42.Rf6 Qg8 43.Bf2 Rg6
44.Rh6 Rag7 45.Rhxg6 Rxg6 46.Qa6 Kg7 47.Qb7+ Kh6 48.Rf7 Rg7 49.Rf6+ Rg6  1/2-1/2

[Event "AUT-chT2M 9899"]
[Site "Austria"]
[Date "1999.03.13"]
[Round "10"]
[White "Jurek, Josef"]
[Black "Weiss, Christian"]
[Result "0-1"]
[WhiteElo "2390"]
[BlackElo "2370"]

1.Nf3 g6 2.d4 Bg7 3.c4 d6 4.g3 Nf6 5.Bg2 O-O 6.Nc3 Nbd7 7.O-O e5 8.e4 a6
9.Re1 Rb8 10.a4 exd4 11.Nxd4 Ne5 12.b3 Nc6 13.Bb2 Nxd4 14.Qxd4 Nd7 15.Qd2 Nc5
16.Qc2 f5 17.b4 Ne6 18.Ne2 f4 19.Bxg7 Kxg7 20.Qc3+ Qf6 21.Rac1 a5 22.Qxf6+ Rxf6
23.Nxf4 Nxf4 24.gxf4 axb4 25.c5 dxc5 26.Rxc5 Rc6 27.Rb5 Rc4 28.Bf1 Rd4 29.Rb1 Rxe4
30.R1xb4 Rxb4 31.Rxb4 Ra8 32.Kg2 Kf6 33.Kg3 Ra7 34.Bh3 Bxh3 35.Kxh3 b6 36.Kg4 Ra5
37.Rc4 c5 38.Re4 Ra7 39.Kf3 Re7 40.Rc4 Ke6 41.Rc1 Kd6 42.Ra1 Kc6 43.h4 Rf7
44.Rc1 Ra7 45.Ra1 c4 46.h5 Kc5 47.hxg6 hxg6 48.Ke3 b5 49.a5 Ra6 50.Rg1 Re6+
51.Kd2 Kb4 52.Ra1 Ra6 53.Rg1 Kxa5 54.Kc3 Rd6 55.Ra1+ Kb6 56.Rg1 Rd3+ 57.Kc2 Rf3
58.Rxg6+ Kc5 59.Kd2 c3+ 60.Kc2 Kc4  0-1

[Event "AUT2W-chT 9899"]
[Site "AUT"]
[Date "1999.03.13"]
[Round "8.3"]
[White "Spiegel, Wilfried"]
[Black "Bezler, Rainer"]
[Result "0-1"]
[WhiteElo "2165"]
[BlackElo "2225"]

1.d4 Nf6 2.c4 g6 3.g3 Bg7 4.Bg2 O-O 5.Nf3 d6 6.O-O c6 7.Nc3 Nbd7 8.e4 e5
9.h3 Qb6 10.Re1 Re8 11.Na4 Qc7 12.b3 b5 13.Nc3 bxc4 14.bxc4 exd4 15.Nxd4 Ne5
16.Bf1 Ba6 17.Qa4 Qb6 18.Be3 c5 19.Reb1 cxd4 20.Rxb6 axb6 21.f4 Nf3+ 22.Kg2 dxe3
23.Rd1 Nd2 24.Bd3 Bb7 25.Qb4 Ndxe4 26.Bxe4 Nxe4 27.Nd5 Nc3 28.Rc1 Nxd5 29.cxd5 Bxd5+
30.Kf1 Rxa2 31.Qb5 Rf2+ 32.Kg1 Rg2+ 33.Kf1 e2+  0-1

[Event "NRW-Liga II 9899"]
[Site "GER"]
[Date "1999.03.16"]
[Round "7"]
[White "Bayer, Ernst Wolfgang"]
[Black "Werner, Dimo"]
[Result "1/2-1/2"]
[WhiteElo "2290"]
[BlackElo "2385"]

1.d4 Nf6 2.Nf3 g6 3.g3 Bg7 4.Bg2 O-O 5.c4 d6 6.O-O Nc6 7.Nc3 e5 8.d5 Ne7
9.c5 Ne8 10.cxd6 cxd6 11.a4 h6 12.Nd2 f5 13.Nc4 g5 14.b3 Ng6 15.Ba3 Rf7 16.Rc1 Bf8
17.Qd2 h5 18.Nb5 h4 19.Qa5 b6 20.Qd2 Rg7 21.Rc2 hxg3 22.hxg3 Nf4 23.gxf4 gxf4
24.f3 a6 25.Nbxd6 Rxg2+ 26.Kxg2 Qg5+ 27.Kh1 Qh4+ 28.Kg2 Qg3+ 29.Kh1  1/2-1/2

[Event "Novgorod op"]
[Site "Novgorod"]
[Date "1999.03.23"]
[Round "5"]
[White "Dokuchaev, Aleksander"]
[Black "Kondenko, Alexey"]
[Result "0-1"]
[WhiteElo "2443"]
[BlackElo "2254"]

1.d4 Nf6 2.Nf3 d6 3.g3 g6 4.Bg2 Bg7 5.c4 O-O 6.O-O Nc6 7.Nc3 Bf5 8.b3 Qd7
9.Re1 Bh3 10.Bh1 Rae8 11.Bb2 Qc8 12.d5 Ne5 13.Ng5 Bf5 14.f4 Ned7 15.e4 Bg4
16.Bf3 Bxf3 17.Nxf3 e5 18.dxe6 fxe6 19.e5 dxe5 20.Nxe5 Nxe5 21.Rxe5 Nd7 22.Re1 e5
23.Ne2 Rf7 24.Qd5 c6 25.Qg2 Rfe7 26.Rf1 Nc5 27.Rad1 Qc7 28.f5 gxf5 29.Rxf5 Rd7
30.Rxd7 Qxd7 31.Rf1 Rd8 32.Ba3 Ne6 33.Qh3 Qe8 34.Nc3 Nd4 35.Qg4 Qg6 36.Qxg6 hxg6
37.Ne4 Nf5 38.Re1 Bh6 39.Nf6+ Kf7 40.Ng4 Bd2 41.Nxe5+ Kg7 42.Bb2 Kh7 43.Re2 Bb4
44.Ng4 a5 45.Kg2 Be7 46.Nf6+ Kh6 47.Ng4+ Kh7 48.Bc3 a4 49.bxa4 Rd3 50.Nf6+ Kg7
51.Ne4+ Kf7 52.Rd2 Re3  0-1

[Event "Mar del Plata op 30th"]
[Site "Mar del Plata"]
[Date "1999.03.27"]
[Round "1"]
[White "Ferraro, H."]
[Black "Peralta, Fernando"]
[Result "0-1"]
[WhiteElo "2081"]
[BlackElo "2433"]

1.d4 Nf6 2.c4 g6 3.g3 Bg7 4.Bg2 O-O 5.Nf3 d6 6.O-O Nbd7 7.Nc3 e5 8.Bg5 h6
9.Bd2 e4 10.Ne1 Re8 11.Qc1 Kh7 12.f3 exf3 13.Nxf3 c5 14.e3 a6 15.b3 Rb8 16.a4 b6
17.Qc2 Bb7 18.Rae1 Qe7 19.h3 Ne4 20.Nxe4 Bxe4 21.Qc1 Nf6 22.Rf2 Bd3 23.Qc3 Bf5
24.Nh4 Be4 25.Qc1 Bxg2 26.Kxg2 Qe4+ 27.Kh2 cxd4 28.Rf4 Qd3 29.Rxd4 Qxb3 30.Rf1 Re6
31.Ng2 Ne4 32.Rxf7 Ng5 33.Rdf4 Nxf7 34.Rxf7 Rf8 35.Rb7 Ref6 36.a5 Rf2 37.Be1 Rc2
38.Qa1 Rb2 39.Qc1 Qa2 40.Rxg7+ Kh8  0-1

[Event "Gelsenkirchen Masters op"]
[Site "Gelsenkirchen"]
[Date "1999.03.28"]
[Round "?"]
[White "Petrosian, Arshak B"]
[Black "Bekker Jensen, Simon"]
[Result "1-0"]
[WhiteElo "2508"]
[BlackElo "2360"]

1.d4 Nf6 2.Nf3 g6 3.c4 Bg7 4.g3 O-O 5.Bg2 d6 6.Nc3 c6 7.O-O Na6 8.h3 Qb6
9.e4 e5 10.d5 Nc5 11.Qe2 Bd7 12.Be3 cxd5 13.cxd5 a5 14.Rfc1 Rfc8 15.Nd2 Ne8
16.g4 Bf6 17.Rab1 Qd8 18.b4 axb4 19.Rxb4 Bg5 20.Nb3 Bxe3 21.Qxe3 Rab8 22.Bf1 Nc7
23.Nxc5 dxc5 24.Rb6 Ne8 25.Rcb1 Ra8 26.Rxb7 Nd6 27.R7b6 Qe7 28.f4 Ra3 29.R1b3 Rxb3
30.axb3 Be8 31.Qg3 Qc7 32.Ra6 c4 33.b4 exf4 34.Qxf4 Nb5 35.Qxc7 Rxc7 36.Ra8 Nxc3
37.Rxe8+ Kg7 38.d6 Rd7 39.e5 f6 40.Bxc4 fxe5 41.Re7+  1-0

[Event "Dreifluesse op 7th"]
[Site "Passau"]
[Date "1999.04.02"]
[Round "2"]
[White "Schoene, Ralf"]
[Black "Thamm, Oliver"]
[Result "1-0"]
[WhiteElo "2425"]
[BlackElo "2133"]

1.d4 g6 2.c4 Bg7 3.g3 d6 4.Nf3 Nf6 5.Bg2 O-O 6.O-O Na6 7.Nc3 c5 8.d5 Rb8
9.e4 Nc7 10.a4 b6 11.Re1 a6 12.e5 Nfe8 13.Bf4 b5 14.b3 h6 15.Ra2 bxc4 16.bxc4 Bg4
17.h3 Bxf3 18.Qxf3 Rb3 19.Rc2 Na8 20.Qe2 g5 21.exd6 exd6 22.Bd2 Nb6 23.a5 Nd7
24.Nd1 Nef6 25.Ne3 Re8 26.Qf1 Ne4 27.Bxe4 Rxe4 28.Nf5 Rxe1 29.Qxe1 Ne5 30.Qe4 Nf3+
31.Kg2 Nxd2 32.Rxd2 Qxa5 33.Qe8+ Kh7 34.Qxf7 Qc3  1-0

[Event "Dreifluesse op 7th"]
[Site "Passau"]
[Date "1999.04.02"]
[Round "2"]
[White "Stanzl, Matthias"]
[Black "Gierlinger, Albert"]
[Result "1-0"]
[WhiteElo "1957"]
[BlackElo "1707"]

1.d4 Nf6 2.c4 g6 3.Nf3 Bg7 4.g3 O-O 5.Bg2 d6 6.O-O Na6 7.Nc3 c5 8.d5 Nc7
9.e4 a6 10.a4 Rb8 11.Qe2 Bd7 12.e5 Nfe8 13.Bg5 dxe5 14.Nxe5 Bxe5 15.d6 Bxd6
16.Rad1 Ne6 17.Bh6 N8g7 18.Ne4 Bxa4 19.Rd3 Nd4 20.Qd2 Bc6 21.g4 Bxe4 22.Bxe4 Qc7
23.Rh3 Rfd8 24.f4 Ne8 25.f5 Be5 26.fxg6 hxg6 27.Bxg6 f6 28.Qg5 Ng7 29.Bh7+ Kf7
30.Qxg7+ Ke6 31.Re3 Kd7 32.Bf4 Kc6 33.Bxe5 fxe5 34.Rxe5 Kb6 35.Rxe7 Rd7 36.Rxd7 Ne2+
37.Kh1 Qc6+ 38.Rd5 Qc8 39.Qd7 Qh8 40.Qd6+ Ka7 41.Qxc5+ Ka8 42.Qf2 Qxh7 43.Qxe2 Rh8
44.Rh5  1-0

[Event "Rheinhessen-ch HT1 op"]
[Site "Woerrstadt"]
[Date "1999.04.03"]
[Round "7"]
[White "Stassen, Arno"]
[Black "Niekisch, Dirk"]
[Result "1-0"]
[WhiteElo "2026"]
[BlackElo "1864"]

1.d4 Nf6 2.Nf3 g6 3.c4 Bg7 4.g3 O-O 5.Bg2 d6 6.O-O c6 7.Nc3 Nbd7 8.d5 cxd5
9.cxd5 Rb8 10.h3 b5 11.Nd4 Bb7 12.Nc6 Bxc6 13.dxc6 Ne5 14.Bf4 Nc4 15.b3 b4
16.Na4 Nb6 17.Rc1 Qc7 18.Nxb6 Rxb6 19.Qd3 Ra8 20.Be3 Rbb8 21.Qa6 Kf8 22.Rfd1 Ng8
23.Rc4 Ke8 24.Rd5 e6 25.Rb5 Ne7 26.Rb7 Qc8 27.c7 Rxb7 28.Bxb7  1-0

[Event "Dreifluesse op 7th"]
[Site "Passau"]
[Date "1999.04.04"]
[Round "5"]
[White "Neubauer, Ralf"]
[Black "Taggatz, Mario"]
[Result "1/2-1/2"]
[WhiteElo "2050"]
[BlackElo "2222"]

1.Nf3 Nf6 2.c4 d6 3.d4 g6 4.g3 Bg7 5.Bg2 O-O 6.O-O Nbd7 7.Nc3 e5 8.e4 c6
9.h3 Qb6 10.dxe5 dxe5 11.Qc2 Re8 12.Be3 Qc7 13.a4 a5 14.Rfd1 Bf8 15.Ne1 Bc5
16.Bg5 Kg7 17.Ne2 Be7 18.Nd3 Nf8 19.Be3 N6d7 20.c5 Ne6 21.Rac1 Bg5 22.Bxg5 Nxg5
23.h4 Ne6 24.Qc3 f6 25.b3 Rd8 26.Kh2 Ndf8 27.Nb2 Rxd1 28.Rxd1 Qe7 29.Nd3 Nd7
30.Rc1 h6 31.Bh3  1/2-1/2

[Event "Baden Casino op"]
[Site "Baden"]
[Date "1999.04.05"]
[Round "5"]
[White "Romanishin, Oleg M"]
[Black "Ballmann, Martin"]
[Result "1/2-1/2"]
[WhiteElo "2572"]
[BlackElo "2401"]

1.Nf3 Nf6 2.g3 g6 3.Bg2 Bg7 4.d4 O-O 5.c4 d6 6.O-O a6 7.Nc3 c6 8.e4 Bg4 9.Be3 Nfd7
10.Qc2 c5 11.d5 b5 12.Nd2 Nb6 13.h3 Bd7 14.f4 Nxc4 15.Nxc4 bxc4 16.Rae1 Bd4
17.Qd2 Qb6 18.Rf2 Ra7 19.Rd1 Bg7 20.g4 a5 21.Bf1 Qb4 22.Rc1 Na6 23.a3 Qb3
24.Nd1 c3 25.Nxc3 Rb8 26.Qd1 Qxd1 27.Nxd1  1/2-1/2

[Event "Challenge m"]
[Site "London"]
[Date "1999.04.07"]
[Round "1"]
[White "Arkell, Keith C"]
[Black "Hebden, Mark"]
[Result "1-0"]
[WhiteElo "2438"]
[BlackElo "2556"]

1.d4 Nf6 2.Nf3 g6 3.c4 Bg7 4.g3 O-O 5.Bg2 d6 6.O-O Nc6 7.Nc3 Rb8 8.h3 a6
9.e4 b5 10.cxb5 axb5 11.e5 Nd7 12.Ng5 Nxd4 13.Qxd4 Nxe5 14.Qh4 h6 15.Nf3 Nxf3+
16.Bxf3 e6 17.Qxd8 Rxd8 18.a4 bxa4 19.Rxa4 d5 20.Ra5 Bd7 21.Rd1 Rdc8 22.Be2 Be8
23.Nb5 Rb7 24.Rd2 Bf8 25.Rc2 c5 26.Bf4 Bxb5 27.Rxb5 Rxb5 28.Bxb5 c4 29.b3 c3
30.Be5 Bg7 31.Ba6 Rc6 32.Bxg7 Kxg7 33.Be2 e5 34.f3 f5 35.Kf2 d4 36.Bd3 Rb6
37.Re2 Kf6 38.Bc4 Rb7 39.Re1 Ra7 40.Bd3 Ra2+ 41.Re2 Ra3 42.b4 Ra4 43.b5 Rb4
44.g4 h5 45.gxf5 gxf5 46.h4 Ke6 47.Ra2 e4 48.Re2 e3+ 49.Kg3 Ke5 50.f4+ Kd5
51.Ra2 Kc5 52.Kf3 Rb3 53.Ke2 Rb4 54.Kf3 Rb3 55.Ra6 e2 56.Kxe2 Rb2+ 57.Ke1 Rh2
58.Rc6+ Kd5 59.Rc8 Rh1+ 60.Kf2 Rh2+ 61.Kg3 Rd2 62.Bxf5 Rb2 63.Kf3 Rxb5 64.Be4+ Ke6
65.Bd3 Rb2 66.Ke4 Rh2 67.Kxd4 Rxh4 68.Ke4 Rh1 69.Rxc3 h4 70.Kf3 h3 71.Rc6+ Ke7
72.Rh6 h2 73.Be2 Kf7 74.Kg2 Re1 75.Bf3 Kg7 76.Rxh2 Kf6 77.Kg3 Rg1+ 78.Rg2 Ra1
79.Rd2 Ra3 80.Rd6+ Kf5 81.Rd5+ Ke6 82.Rb5 Ra1 83.Be4 Rg1+ 84.Kf2 Ra1 85.Rb6+ Ke7
86.Kf3 Rg1 87.f5 Rd1 88.Kf4  1-0

[Event "Budapest FS04 GM"]
[Site "Budapest"]
[Date "1999.04.11"]
[Round "9"]
[White "Seres, Lajos"]
[Black "Hausrath, Daniel"]
[Result "1/2-1/2"]
[WhiteElo "2428"]
[BlackElo "2400"]

1.d4 d6 2.Nf3 Nf6 3.c4 g6 4.g3 Bg7 5.Bg2 O-O 6.Nc3 c6 7.O-O Qa5 8.h3 Be6
9.Nd2 Qa6 10.d5 cxd5 11.cxd5 Bd7 12.Nb3 Rc8 13.e4 Ba4 14.Be3 Nbd7 15.Re1 Ne5
16.Bf1 Nc4 17.Qc1 Nd7 18.Bh6 Bxh6 19.Qxh6 b5 20.Nd4 Nxb2 21.Nc6 Re8 22.Rab1 Nc4
23.Rb4 Nce5 24.Reb1 Bc2 25.Rc1 Bd3 26.Nxb5 Qxa2 27.Nc3 Qa3 28.Nb5 Qa2 29.Nc3 Qa3
30.Nb5 Qa2  1/2-1/2

[Event "Challenge m"]
[Site "London"]
[Date "1999.04.11"]
[Round "5"]
[White "Arkell, Keith C"]
[Black "Hebden, Mark"]
[Result "0-1"]
[WhiteElo "2438"]
[BlackElo "2556"]

1.d4 Nf6 2.Nf3 g6 3.c4 Bg7 4.g3 O-O 5.Bg2 d6 6.O-O Nbd7 7.d5 Nb6 8.Nbd2 Re8
9.e4 e6 10.Re1 a5 11.Rb1 Nfd7 12.Qc2 Nc5 13.Nb3 Nxb3 14.Qxb3 a4 15.Qd3 Nd7
16.Qc2 Nc5 17.Bg5 f6 18.Bd2 e5 19.Be3 f5 20.Nd2 Rf8 21.f3 f4 22.Bf2 Bh6 23.b4 axb3
24.axb3 fxg3 25.hxg3 Ra3 26.Qb2 Ra6 27.Qc2 Qg5 28.Nf1 Bd7 29.b4 Na4 30.c5 Bb5
31.cxd6 cxd6 32.Qc7 Qd8 33.Qxb7 Nc3 34.Bh3 Ra8 35.Ra1 Rb8 36.Qa7 Rxf3 37.Nh2 Rf8
38.Be6+ Kh8 39.Be3 Bxe3+ 40.Rxe3 Ne2+ 41.Kg2 Nd4 42.Rc3 Ra8 43.Qxa8 Qxa8
44.Rxa8 Rxa8 45.Ng4 h5 46.Nf2 Kg7 47.Rc7+ Kh6 48.Bd7 Be2 49.Rc1 Bf3+ 50.Kf1 Ne2
51.Rb1 Nxg3+ 52.Kg1 Ne2+ 53.Kf1 Nc3 54.Re1 Ra2 55.Kg1 g5 56.Re3 Ne2+ 57.Kh2 g4
58.Rxf3 gxf3 59.b5 h4  0-1

[Event "Gonfreville Master"]
[Site "Gonfreville"]
[Date "1999.04.15"]
[Round "10"]
[White "Rausis, Igors"]
[Black "Berthelot, Yannick"]
[Result "1-0"]
[WhiteElo "2508"]
[BlackElo "2327"]

1.d4 Nf6 2.Nf3 g6 3.c4 Bg7 4.g3 O-O 5.Bg2 d6 6.O-O Nbd7 7.Nc3 e5 8.b3 c6
9.Ba3 Qa5 10.Qc1 exd4 11.Nxd4 Ne8 12.e3 Ne5 13.Na4 c5 14.Nb5 Nd3 15.Qd1 Bxa1
16.Qxa1 Rb8 17.Rd1 Nb4 18.Qc3 Nc6 19.Qxa5 Nxa5 20.Nxa7 Bg4 21.f3 Nxc4 22.bxc4 Ra8
23.Nb5 Be6 24.Nb6 Ra6 25.Nd5 Bxd5 26.Rxd5 Ra4 27.Rd2 Rxc4 28.f4 Ra4 29.Bc1 Ra5
30.Rb2 b6 31.Bd2 Ra4 32.Bc3  1-0

[Event "Hampstead GM 5th"]
[Site "London"]
[Date "1999.04.15"]
[Round "9"]
[White "Ippolito, Dean"]
[Black "Bekker Jensen, Simon"]
[Result "1/2-1/2"]
[WhiteElo "2336"]
[BlackElo "2360"]

1.d4 Nf6 2.c4 g6 3.Nf3 Bg7 4.g3 O-O 5.Bg2 d6 6.O-O c6 7.Nc3 Na6 8.e4 e5 9.h3 Qb6
10.dxe5 dxe5 11.Qe2 Nc5 12.Nxe5 Re8 13.Ng4 Nxg4 14.hxg4 Ne6 15.Be3 Nd4 16.Bxd4 Bxd4
17.Rad1 Rd8 18.Rd2 Be6 19.Rfd1 Be5 20.Nd5 Qc5 21.g5 Kh8 22.b3 a5 23.Nf4 Rxd2
24.Rxd2 Qe7 25.Nxe6 fxe6 26.Qd3 Bc7 27.Qc3+ e5 28.Qe3 Bd6 29.Rd3 Rf8 30.Qe2 Bc5
31.Rf3 Rxf3 32.Qxf3 Qxg5 33.Bh3 Kg7  1/2-1/2

[Event "Metz op"]
[Site "Metz"]
[Date "1999.04.18"]
[Round "2"]
[White "Eingorn, Vereslav S"]
[Black "Montilla Carrillo, E."]
[Result "1-0"]
[WhiteElo "2592"]
[BlackElo "2355"]

1.Nf3 Nf6 2.c4 g6 3.d4 Bg7 4.g3 O-O 5.Bg2 d6 6.Nc3 Nc6 7.h3 a6 8.Bg5 h6 9.Be3 e5
10.Qd2 Kh7 11.Rd1 Nd7 12.dxe5 Ndxe5 13.Nxe5 Nxe5 14.b3 Nc6 15.O-O Be6 16.Nd5 Rb8
17.Qc1 Ne7 18.Ba7 Ra8 19.Bd4 Bxd4 20.Rxd4 Nf5 21.Rd3 c6 22.Nc3 Qc7 23.Rfd1 Rfd8
24.Ne4 b5 25.Qc3 Ng7 26.Rxd6 Rxd6 27.Rxd6  1-0

[Event "Golden Cleopatra op 3rd"]
[Site "Cairo"]
[Date "1999.04.19"]
[Round "9"]
[White "Neverov, Valeriy"]
[Black "Hamed, Ahmed"]
[Result "1-0"]
[WhiteElo "2532"]
[BlackElo "2349"]

1.Nf3 Nf6 2.c4 g6 3.d4 Bg7 4.g3 O-O 5.Bg2 d6 6.O-O Nbd7 7.Qc2 e5 8.Rd1 Re8
9.e4 c6 10.Nc3 Qb6 11.h3 exd4 12.Nxd4 Nxe4 13.Nxe4 Bxd4 14.Nxd6 Re6 15.Bf4 Nf8
16.Rd2 c5 17.Nb5 Be5 18.Bxe5 Rxe5 19.Qc3 Qf6 20.f4 Rf5 21.Qxf6 Rxf6 22.Rd8 Kg7
23.Nc7  1-0

[Event "Kastav"]
[Site "Kastav"]
[Date "1999.04.27"]
[Round "4"]
[White "Petrov, Jole"]
[Black "Nurkic, Sahbaz"]
[Result "1-0"]
[WhiteElo "2421"]
[BlackElo "2440"]

1.d4 g6 2.Nf3 Bg7 3.g3 Nf6 4.c4 O-O 5.Bg2 d6 6.O-O Nc6 7.Nc3 e5 8.d5 Ne7
9.e4 Ne8 10.Ne1 f5 11.Nd3 Nf6 12.Bg5 Nxe4 13.Nxe4 fxe4 14.Bxe4 Bf5 15.f3 Qd7
16.Rc1 Kh8 17.c5 Ng8 18.c6 bxc6 19.Rxc6 Rf7 20.Qd2 Raf8 21.Nf2 Bxe4 22.fxe4 h6
23.Be3 Ne7 24.Ra6 c5 25.Bxh6 Bxh6 26.Qxh6+ Kg8 27.Ra3 Qb7 28.Qd2 Kg7 29.Re3 Ng8
30.Ree1 Nf6 31.b3 Qc8 32.Qe2 a5 33.Nd1 Qh3 34.Rf2 Ng4 35.Rxf7+ Rxf7 36.Qg2 Qh6
37.h3 Nf6 38.Ne3 Nh7 39.h4 Nf6 40.Nc4 Ng4 41.Rf1 Rxf1+ 42.Qxf1 a4 43.Qe2 Qc1+
44.Kg2 axb3 45.axb3 Nf6 46.Nxd6 Qb1 47.Qf3 Qa2+ 48.Kh3 Qc2 49.g4 Qb1 50.g5 Nh5
51.Qf7+  1-0

[Event "Kastav"]
[Site "Kastav"]
[Date "1999.04.28"]
[Round "7"]
[White "Petrov, Jole"]
[Black "Ljubicic, Filip"]
[Result "1-0"]
[WhiteElo "2421"]
[BlackElo "2396"]

1.d4 Nf6 2.Nf3 g6 3.c4 Bg7 4.g3 d6 5.Bg2 O-O 6.O-O Nbd7 7.Nc3 e5 8.e4 c6
9.h3 Qe7 10.Bg5 h6 11.Be3 Ne8 12.Re1 f5 13.Qd2 Kh7 14.exf5 gxf5 15.Bf4 e4
16.Nh4 Ndf6 17.g4 Nxg4 18.Nxf5 Bxf5 19.hxg4 Bxg4 20.Rxe4 Qd7 21.Rae1 Rf7
22.d5 Bxc3 23.bxc3 cxd5 24.cxd5 Ng7 25.Bxh6 Raf8 26.Rf4 Rxf4 27.Bxf4 Rf7
28.Bg5 Kg8 29.Qe3 Qa4 30.Qg3 Qxa2 31.Be3 Qa4 32.Qxd6 Nf5 33.Qf4 Qxf4 34.Bxf4 Nh4
35.Re8+ Kh7 36.Be4+ Bf5 37.Bxf5+ Nxf5 38.Be5 b5 39.Rb8 Kg6 40.Rxb5 a6 41.Rb6+ Kg5
42.Rxa6 Rd7 43.d6  1-0